Cuentos en verso para niños perversos
Na minha lista:
| Autor principal: | |
|---|---|
| Formato: | Livro |
| Idioma: | espanhol |
| Publicado em: |
Buenos Aires
Santillana
2014
|
| Edição: | 1a. ed |
| Colecção: | Alfaguara Infantil
|
| Assuntos: | |
| Tags: |
Adicionar Tag
Sem tags, seja o primeiro a adicionar uma tag!
|
MARC
| LEADER | 00000cam a2200000 a 4500 | ||
|---|---|---|---|
| 001 | UCD7225 | ||
| 003 | CL-VaPUC | ||
| 008 | 170317e20140000ag |||||||||||||||||spa|d | ||
| 020 | |a 9789504638865 | ||
| 082 | 0 | 4 | |a 823 |b DAH |2 21 |
| 100 | 0 | |a Dahl, Roald |e author |9 235 | |
| 245 | 1 | 0 | |a Cuentos en verso para niños perversos |
| 250 | |a 1a. ed | ||
| 300 | |a 59 p | ||
| 942 | |c BK | ||
| 945 | |d 20170317 22:16:00 |a dcastane | ||
| 260 | |a Buenos Aires |b Santillana |c 2014 | ||
| 500 | |a Ilustraciones de Quentin Blake | ||
| 650 | 0 | |a Cuentos ingleses |9 265135 | |
| 650 | 7 | |a LITERATURA INFANTIL INGLESA |2 CL-VaPUC |9 308261 | |
| 583 | |a last modification |c 20170317 22:16:00 |k Rodrigo Vera | ||
| 490 | 0 | |a Alfaguara Infantil | |
| 999 | |c 367289 |d 367287 | ||
| 952 | |0 0 |1 0 |3 erb |4 0 |6 823_000000000000000_DAH_2014 |7 0 |8 A |9 482111 |a BIBEDU |b BIBEDU |i 536521K |o 823 DAH 2014 |p 536521K |r 2019-11-24 |w 2019-11-24 |y BK |z Catalogado en:20170317 |k PAR | ||
| 952 | |0 0 |1 0 |3 erb |4 0 |6 823_000000000000000_DAH_2014 |7 0 |8 A |9 482112 |a BIBEDU |b BIBEDU |i 5365201 |l 1 |o 823 DAH 2014 |p 5365201 |r 2024-10-22 |s 2024-10-18 |w 2019-11-24 |y BK |z Catalogado en:20170317 |k PAR | ||